000 00748nam a2200265Ia 4500
003 OSt
005 20220925232126.0
006 a|||||r|||| 00| 0
007 ta
008 220923b |||||||| |||| 00| 0 eng d
037 _cGeneral Book
040 _aRTL
_cRTL
_beng
041 _2eng
_aeng
082 _aY7, L2
100 _aRichardson Ken
_984225
245 0 _aRace, culture and intelligence
260 _aMiddlesex
_bPenguin Books UK
_c1972
300 _a205p
_ccm.
490 _aPenguin Education
500 _aBibliography at the end of each chapter; Index:P197-05
650 _aRace
700 _a Spears David Ed.
942 _hY7, L2
_cGB
_2CC
999 _c590393
_d590393